000 00289nam a22001337a 4500
008 170222b xxu||||| |||| 00| 0 eng d
020 _a9781133357490
041 _aeng
080 _a616 31
100 _a5
101 _aSHS
245 _aINTRODUCTORY LOGIC
_cHURLEY.P.J
942 _2udc
_cBK
999 _c6108
_d6108